La democracia en América Latina: un enfoque analítico

Salvato in:
Dettagli Bibliografici
Autore principale: De la Garza Toledo, Enrique
Natura: testo
Pubblicazione: Panamá: Universidad de Panamá
Tags: Aggiungi Tag
Nessun Tag, puoi essere il primo ad aggiungerne!!

MARC

LEADER 00000 a a2200000 04500
001 20353
003
040
090 |a 084700  
100 |a De la Garza Toledo, Enrique  
245 |a La democracia en América Latina: un enfoque analítico  
260 |a Panamá:   |b Universidad de Panamá  
300 |a 26 p.  
999 |c 14693  |d 14693